[Event "Mondiale Lampo FIDE 2022"]
[Site "Alma Ata"]
[Date "29.12.2022"]
[Round "7.74"]
[White "Tologon tegin, Semetei"]
[Black "Svane, Frederik"]
[Result "0-1"]
[WhiteTitle ""]
[BlackTitle ""]
[WhiteElo "2394"]
[BlackElo "2568"]
[WhiteFideId "13800574"]
[BlackFideId "12923044"]
[EventDate "29.12.2022"]

1. e4 c5 2. Nf3 e6 3. d4 cxd4 4. Nxd4 Nc6 5. Nc3 a6 6. g3 h5 7. h3 Nge7 8. Bg2
b5 9. a3 Bb7 10. O-O Nxd4 11. Qxd4 Nc6 12. Qe3 Rc8 13. b3 Ne5 14. Bb2 Bc5 15.
Qd2 f6 16. Ne2 h4 17. g4 O-O 18. Kh1 Qc7 19. Rad1 Bc6 20. Nd4 Nf7 21. f4 Bb7 22.
Ne2 Bd6 23. Rc1 e5 24. c4 Qb8 25. cxb5 axb5 26. f5 Ng5 27. Qd3 Bc6 28. Rfd1 Be7
29. b4 Qb7 30. Nc3 Bd8 31. Nd5 Kh7 32. Rc2 Bb6 33. Bc1 Bxd5 34. exd5 Rxc2 35.
Qxc2 Rc8 36. Qe2 Bd4 37. Bxg5 fxg5 38. Be4 Kg8 39. d6 Qb6 40. Qg2 Qxd6 41. Bd5+
Kf8 42. Rf1 Rc3 43. Be4 Ke7 44. f6+ gxf6 45. Bf5 Rxa3 46. Rf3 Ra1+ 47. Rf1 Rxf1+
48. Qxf1 Qxb4 49. Qd1 Qc3 50. Qf1 Qa1 51. Bb1 Qc3 52. Kg2 Qg3+ 53. Kh1 b4 54.
Be4 Qf4 55. Qb1 Qe3 56. Bg2 d6 57. Qh7+ Kd8 58. Qg8+ Kc7 59. Qc4+ Bc5 60. Qf1 b3
61. Qb1 b2 62. Qd1 Qg1+ 63. Qxg1 Bxg1 64. Kxg1 b1=Q+ 65. Kh2 Qc2 0-1

[Event "Mondiale Lampo FIDE 2022"]
[Site "Alma Ata"]
[Date "29.12.2022"]
[Round "7.75"]
[White "Sankalp, Gupta"]
[Black "Begmuratov, Khumoyun"]
[Result "0-1"]
[WhiteTitle ""]
[BlackTitle ""]
[WhiteElo "2485"]
[BlackElo "2399"]
[WhiteFideId "5097010"]
[BlackFideId "14210207"]
[EventDate "29.12.2022"]

1. d4 Nf6 2. Nf3 g6 3. Bg5 Bg7 4. Nbd2 O-O 5. c3 d5 6. e3 c5 7. Be2 b6 8. O-O
Bb7 9. h3 Nbd7 10. a4 h6 11. Bf4 a5 12. Qb3 Rc8 13. Bh2 e6 14. Rfd1 c4 15. Qa3
Re8 16. b3 cxb3 17. Qxb3 Qe7 18. Rab1 Kh7 19. Bb5 Bc6 20. Ba6 Ra8 21. Bd3 Ne4
22. c4 f5 23. Rdc1 Rec8 24. cxd5 Bxd5 25. Bc4 Bxc4 26. Nxc4 Rc6 27. Ncd2 Nxd2
28. Nxd2 Rac8 29. Rxc6 Rxc6 30. Bg3 e5 31. d5 Rc5 32. f3 f4 33. exf4 exf4 34.
Bxf4 Qf7 35. Be3 Rc3 36. Qb5 Rxe3 37. Nc4 Rc3 38. Nd6 Qe7 39. Ne4 Rc2 40. Kh1
Nc5 41. d6 Qd8 42. Qc6 Re2 43. Qc7 Qf8 44. Nxc5 bxc5 45. d7 Rd2 46. Rb8 Rd1+ 47.
Kh2 Rxd7 48. Qg3 Qd6 49. Qxd6 Rxd6 50. Rb5 c4 51. Rxa5 Rc6 52. Rd5 c3 0-1

[Event "Mondiale Lampo FIDE 2022"]
[Site "Alma Ata"]
[Date "29.12.2022"]
[Round "7.76"]
[White "Zhalmakhanov, Ramazan"]
[Black "Suyarov, Mukhammadzokhid"]
[Result "1-0"]
[WhiteTitle ""]
[BlackTitle ""]
[WhiteElo "2401"]
[BlackElo "2299"]
[WhiteFideId "13706357"]
[BlackFideId "14210495"]
[EventDate "29.12.2022"]

1. c4 Nf6 2. Nc3 e5 3. g3 g6 4. Bg2 Bg7 5. e3 O-O 6. Nge2 c6 7. d4 d6 8. O-O a5
9. b3 Na6 10. Bb2 Re8 11. Qd2 Qc7 12. Rad1 exd4 13. Nxd4 Bg4 14. Rc1 Rad8 15. h3
Bd7 16. Rfd1 h5 17. Nde2 Bf5 18. Nd4 Bd7 19. Qc2 Qc8 20. Kh2 Re5 21. Nf3 Re6 22.
Ne2 Qc7 23. Nf4 Re7 24. Bc3 Bf5 25. Qb2 Ne8 26. Bxg7 Nxg7 27. Qf6 Nc5 28. Ng5
Ne8 29. Qb2 Ng7 30. Rd2 Nce6 31. Ngxe6 Nxe6 32. Nxe6 Rxe6 33. Rcd1 Qe7 34. Qc3
a4 35. bxa4 Re5 36. Qb4 Be4 37. Rxd6 Rxd6 38. Qxd6 Qe8 39. Qd8 Bc2 40. Qxe8+
Rxe8 41. Rd7 Ra8 42. Rxb7 Rxa4 43. Bxc6 Rxa2 44. Bd5 Kg7 45. Rxf7+ Kh6 46. h4
Bf5 47. Kg2 Rc2 48. e4 Bg4 49. e5 Re2 50. e6 Bxe6 51. Bxe6 Rxe6 52. Rf3 Rc6 53.
Rc3 g5 54. hxg5+ Kxg5 55. c5 Kf5 56. Kh3 Ke5 57. f4+ Ke4 58. Kh4 Kf5 59. Rc4 Kg6
60. Rc1 Kf6 61. Kxh5 Kf5 62. Rc4 Rc8 63. g4+ Kf6 64. Kh4 Rc6 65. Kg3 Ke6 66. Rc1
Kd5 67. g5 Ke6 68. Kg4 Kf7 69. Kf5 Ra6 70. c6 Ra5+ 71. Kg4 Ra8 72. c7 Rc8 73.
Rc2 Ke6 74. f5+ Ke5 75. f6 Ke6 76. Rc6+ Kd7 77. Rc1 Ke6 78. Re1+ Kf7 79. Kf5 1-0

[Event "Mondiale Lampo FIDE 2022"]
[Site "Alma Ata"]
[Date "29.12.2022"]
[Round "7.77"]
[White "Khusenkhojaev, Mustafokhuja"]
[Black "Maze, Sebastien"]
[Result "0-1"]
[BlackTitle ""]
[WhiteElo "2265"]
[BlackElo "2538"]
[WhiteFideId "14700727"]
[BlackFideId "613762"]
[EventDate "29.12.2022"]

1. d4 Nf6 2. c4 g6 3. Nc3 Bg7 4. Nf3 O-O 5. g3 d6 6. Bg2 c6 7. O-O Qb6 8. e4 Bg4
9. b3 Nbd7 10. Be3 Qa5 11. Qc2 e5 12. h3 Bxf3 13. Bxf3 Rfe8 14. Rad1 Rad8 15.
Bg2 h5 16. d5 c5 17. Nb5 Qb6 18. a4 a5 19. Bd2 Kh7 20. Bc3 h4 21. g4 Bh6 22. Bd2
Bf4 23. Bxf4 exf4 24. g5 Nh5 25. Bf3 Ne5 26. Qe2 Ng7 27. Kh2 Rf8 28. Rg1 Rde8
29. Rg2 Qd8 30. Rdg1 f5 31. gxf6 Qxf6 32. Rg5 Kh6 33. R5g2 Re7 34. Kh1 Ne8 35.
Kh2 Nc7 36. Nc3 Na6 37. Nb1 Nb4 38. Nd2 Nc2 39. Qd1 Nd4 40. Kh1 Rg8 41. Bg4 g5
42. f3 Nd3 43. Nb1 Nb4 44. Nc3 Qe5 45. Nb5 Nxb5 46. axb5 Ra8 47. Be6 b6 48. Rxg5
Qxg5 49. Rxg5 Kxg5 50. Qg1+ Kf6 51. Qg4 Rg7 52. Qxh4+ Ke5 53. Qh5+ Kd4 54. Qh6
Raa7 55. Qxf4 Nd3 56. Qxd6 a4 57. bxa4 Rxa4 58. h4 Ra1+ 59. Kh2 Rag1 60. Bh3 Nf2
61. Qf6+ Ke3 62. Qc3+ Ke2 63. Qc2+ Kxf3 64. Qc3+ Ke2 65. Qc2+ Ke3 66. Qc3+ Kxe4
67. d6 Rh1# 0-1

[Event "Mondiale Lampo FIDE 2022"]
[Site "Alma Ata"]
[Date "29.12.2022"]
[Round "7.78"]
[White "Zverev, Lev"]
[Black "Mamedov, Edgar"]
[Result "0-1"]
[WhiteTitle ""]
[BlackTitle ""]
[WhiteElo "2310"]
[BlackElo "2283"]
[WhiteFideId "24250775"]
[BlackFideId "13739980"]
[EventDate "29.12.2022"]

1. e4 c5 2. Nf3 e6 3. d4 cxd4 4. Nxd4 Nf6 5. Nc3 Nc6 6. Ndb5 Bc5 7. Bf4 O-O 8.
Bc7 Qe7 9. Bd6 Bxd6 10. Qxd6 Qd8 11. Qd2 d5 12. exd5 exd5 13. O-O-O a6 14. Nd4
Ne5 15. Kb1 b5 16. Qg5 Nfg4 17. Qf4 Qf6 18. Qxf6 Nxf6 19. f3 Bb7 20. Nf5 Rad8
21. Ne2 g6 22. Ne3 Nc4 23. Nxc4 dxc4 24. Nd4 Nd5 25. c3 Ne3 26. Re1 Rfe8 27. g3
Nf5 28. Rxe8+ Rxe8 29. Bh3 Nxd4 30. cxd4 Bxf3 31. Rf1 Bd5 32. Rf6 b4 33. Bd7
Re1+ 34. Kc2 Re2+ 35. Kc1 c3 36. bxc3 bxc3 37. Bc6 Bxa2 38. Rf3 c2 39. Ba4 Bb1
40. Rf1 Re4 41. Bb3 Rxd4 42. Bxf7+ Kg7 43. Bb3 Rd1+ 44. Rxd1 cxd1=Q+ 45. Bxd1
Bd3 46. Kd2 Bb5 47. h4 Kf6 48. Ke3 Ke5 49. Bc2 a5 50. g4 Bd7 51. g5 a4 52. h5 a3
53. hxg6 hxg6 54. Bb1 Be6 55. Kf3 a2 56. Bxa2 Bxa2 57. Kg4 Ke4 58. Kg3 Kf5 59.
Kh4 Kf4 60. Kh3 Kxg5 61. Kg3 Bd5 62. Kf2 Kf4 63. Kg1 g5 64. Kf2 g4 65. Kg1 g3
66. Kf1 Kg4 67. Kg1 Kh3 68. Kf1 Kh2 69. Ke2 g2 70. Ke3 g1=Q+ 71. Kd3 Qc5 72. Kd2
Kg3 73. Ke2 Kf4 74. Kd3 Be4+ 75. Ke2 Qc2+ 76. Kf1 Kf3 77. Kg1 0-1

[Event "Mondiale Lampo FIDE 2022"]
[Site "Alma Ata"]
[Date "29.12.2022"]
[Round "7.79"]
[White "Sapenov, Daniyal"]
[Black "Uskov, Artem"]
[Result "0-1"]
[WhiteTitle ""]
[BlackTitle ""]
[WhiteElo "2323"]
[BlackElo "2376"]
[WhiteFideId "13728911"]
[BlackFideId "34254854"]
[EventDate "29.12.2022"]

1. d4 Nf6 2. c4 e6 3. Nf3 d5 4. g3 Bb4+ 5. Bd2 Be7 6. Bg2 O-O 7. O-O c6 8. Qc2
Nbd7 9. h4 b6 10. Nc3 Ba6 11. cxd5 cxd5 12. Qa4 Bb7 13. Bf4 a6 14. Qb3 b5 15.
Rfc1 Rc8 16. a4 b4 17. Na2 Qb6 18. Rxc8 Rxc8 19. Nc1 a5 20. Nd3 Ba6 21. Qd1 Ne4
22. Rc1 Rc4 23. Be3 Qc7 24. Bf1 Bf6 25. Bf4 Qb6 26. Be3 Qc6 27. h5 Nb6 28. b3
Rc3 29. Nde5 Qc7 30. h6 g6 31. Bf4 Qc8 32. Kg2 Nd7 33. Ng4 Bh8 34. Rb1 Rc6 35.
Rc1 Rc3 36. Rb1 f6 37. Ne3 g5 38. Nxd5 exd5 39. Be3 g4 40. Nh4 Nf8 41. Bf4 f5
42. e3 Bxf1+ 43. Qxf1 Nd2 44. Qb5 Nxb1 45. Qxd5+ Qe6 0-1

[Event "Mondiale Lampo FIDE 2022"]
[Site "Alma Ata"]
[Date "29.12.2022"]
[Round "7.80"]
[White "Degenbaev, Aziz"]
[Black "Vetokhin, Savva"]
[Result "0-1"]
[BlackTitle ""]
[WhiteElo "2139"]
[BlackElo "2354"]
[WhiteFideId "13802640"]
[BlackFideId "44144474"]
[EventDate "29.12.2022"]

1. e4 c5 2. Nf3 e6 3. g3 Nc6 4. Bg2 d5 5. exd5 exd5 6. d4 Nf6 7. O-O Be7 8. dxc5
O-O 9. b3 Bxc5 10. Bb2 Ne4 11. Nbd2 Bf5 12. c4 Qb6 13. Nxe4 dxe4 14. Nh4 Rad8
15. Qc1 Bg6 16. Nxg6 fxg6 17. Bxe4 Bxf2+ 18. Kg2 Be3 19. Rxf8+ Rxf8 20. Bd5+ Kh8
21. Qb1 Nb4 22. Qe4 Nxd5 23. cxd5 Bc5 24. Qe5 Qf6 25. Qxf6 gxf6 26. Re1 Kg7 27.
Re6 Rf7 28. Re8 Rd7 29. Rb8 g5 30. Kf3 h5 31. Ke4 Re7+ 32. Kd3 Kg6 33. Rg8+ Kf7
34. Rh8 Kg6 35. Rg8+ Kh7 36. Rc8 b6 37. Bxf6 Re3+ 38. Kd2 Kg6 39. Bc3 Rf3 40.
Rc6+ Kf7 41. Rc7+ Kg6 42. Rg7+ Kh6 43. h4 0-1

[Event "Mondiale Lampo FIDE 2022"]
[Site "Alma Ata"]
[Date "29.12.2022"]
[Round "7.81"]
[White "Abdilkhair, Abilmansur"]
[Black "Korelskiy, Egor"]
[Result "0-1"]
[WhiteTitle ""]
[BlackTitle ""]
[WhiteElo "2278"]
[BlackElo "2153"]
[WhiteFideId "13716417"]
[BlackFideId "34329064"]
[EventDate "29.12.2022"]

1. e4 c5 2. Nf3 e6 3. d4 cxd4 4. Nxd4 a6 5. c4 Nf6 6. Nc3 Qc7 7. Bd3 Nc6 8. Nxc6
dxc6 9. O-O e5 10. Bg5 Be7 11. Qe2 h6 12. Be3 O-O 13. Rac1 Nd7 14. Bb1 Bc5 15.
Rfd1 Bxe3 16. Qxe3 Nf6 17. f3 Bd7 18. Qc5 Rac8 19. Na4 Rcd8 20. Nb6 Qb8 21. a4
Be6 22. b3 Rxd1+ 23. Rxd1 Rd8 24. Bc2 Rxd1+ 25. Bxd1 Qd8 26. Be2 Qd2 27. Kf2 Qb2
28. Qe3 Nh5 29. g3 Nf6 30. a5 Qa2 31. Qc3 Kh7 32. Qxe5 Qxb3 33. Qd4 Qa2 34. Qc3
Qb1 35. e5 Qh1 36. exf6 Qxh2+ 37. Ke3 Qg1+ 38. Kd2 Qxg3 39. fxg7 h5 40. Nd7 Qg5+ 0-1

[Event "Mondiale Lampo FIDE 2022"]
[Site "Alma Ata"]
[Date "29.12.2022"]
[Round "7.82"]
[White "Elier, Ali"]
[Black "Nissinen, Niilo Man"]
[Result "0-1"]
[BlackTitle ""]
[WhiteElo "2165"]
[BlackElo "1996"]
[WhiteFideId "16217543"]
[BlackFideId "30950767"]
[EventDate "29.12.2022"]

1. e4 c5 2. d4 cxd4 3. c3 d3 4. Bxd3 Nc6 5. f4 e6 6. Nf3 d6 7. O-O g6 8. Be3 Bg7
9. Nbd2 Nge7 10. Qe1 O-O 11. Rd1 Qc7 12. Bb1 b5 13. Nh4 f5 14. exf5 Nxf5 15.
Nxf5 gxf5 16. Nf3 b4 17. cxb4 Rb8 18. a3 Bxb2 19. Nd4 Nxd4 20. Bxd4 Bxd4+ 21.
Rxd4 Qb6 22. Qf2 a5 23. Rfd1 Rd8 24. h3 axb4 25. axb4 Bb7 26. Kh2 Rd7 27. Qe3
Bd5 28. Bxf5 exf5 29. Qe2 Be4 30. Qh5 Rg7 31. R1d2 Qxd4 32. Rxd4 Rxg2+ 33. Kh1
Rg5+ 34. Rxe4 Rxh5 35. Re6 Rxb4 36. Rxd6 Rxh3+ 37. Kg2 Ra3 38. Rd2 Rba4 39. Rd8+
Kg7 40. Rd7+ Kh6 41. Rd6+ Kh5 42. Rd7 Kg4 43. Rg7+ Kxf4 44. Rxh7 Rg3+ 45. Kh2
Ra2+ 46. Kh1 Rb3 47. Rg7 Rb1+ 48. Rg1 Rxg1+ 49. Kxg1 Kf3 50. Kf1 Ra1# 0-1

[Event "Mondiale Lampo FIDE 2022"]
[Site "Alma Ata"]
[Date "29.12.2022"]
[Round "7.83"]
[White "Zhigalko, Sergei"]
[Black "Postlmayer, Jakob"]
[Result "1-0"]
[WhiteTitle ""]
[BlackTitle ""]
[WhiteElo "2572"]
[BlackElo "2314"]
[WhiteFideId "13502956"]
[BlackFideId "1643622"]
[EventDate "29.12.2022"]

1. e4 c5 2. Nf3 e6 3. c3 Nf6 4. e5 Nd5 5. Bc4 d6 6. d4 cxd4 7. cxd4 Be7 8. O-O
O-O 9. Bd2 Bd7 10. Nc3 Nxc3 11. Bxc3 Bc6 12. Qe2 Nd7 13. Rfe1 Rc8 14. Bd3 dxe5
15. dxe5 Nb6 16. Rad1 Qc7 17. Nd4 Na4 18. Bxh7+ Kxh7 19. Qh5+ Kg8 20. Rd3 f5 21.
Rh3 Be8 22. Qh7+ Kf7 23. Rg3 Rg8 24. Nxf5 exf5 25. e6+ 1-0

[Event "Mondiale Lampo FIDE 2022"]
[Site "Alma Ata"]
[Date "29.12.2022"]
[Round "7.84"]
[White "Ghaem Maghami, Ehsan"]
[Black "Suleimen, Ergali"]
[Result "1-0"]
[WhiteTitle ""]
[WhiteElo "2490"]
[BlackElo "2073"]
[WhiteFideId "12500739"]
[BlackFideId "13724452"]
[EventDate "29.12.2022"]

1. Nf3 Nf6 2. c4 g6 3. Nc3 d5 4. cxd5 Nxd5 5. Qc2 Nb6 6. d4 Bg7 7. e4 O-O 8. Be3
Bg4 9. Ne5 Be6 10. Rd1 c6 11. Be2 N8d7 12. Nf3 a5 13. O-O a4 14. b3 axb3 15.
axb3 Ra3 16. Rb1 h6 17. Rfd1 Qa8 18. h3 Rd8 19. Bc1 Ra7 20. Bb2 Nc8 21. Bd3 Nd6
22. Ne2 Qb8 23. Nf4 Nf8 24. e5 Nb5 25. Nxe6 Nxe6 26. Bxb5 cxb5 27. d5 Nf8 28.
Qc5 e6 29. d6 Nd7 30. Qxb5 b6 31. Rdc1 Ra5 32. Qe2 Rd5 33. Rd1 Qb7 34. Rbc1
Rxd1+ 35. Qxd1 Qe4 36. Qc2 Qf4 37. Qc7 Ra8 38. Qxd7 Ra2 39. Qc8+ Kh7 40. Qc3 g5
41. Qd3+ Kg8 42. Rc8+ Bf8 43. d7 Rxb2 44. Rxf8+ Kxf8 45. d8=Q+ Kg7 46. Qf6+ 1-0

[Event "Mondiale Lampo FIDE 2022"]
[Site "Alma Ata"]
[Date "29.12.2022"]
[Round "7.85"]
[White "Narayanan, Srinath"]
[Black "Amangeldy, Ernur"]
[Result "1-0"]
[WhiteTitle ""]
[WhiteElo "2559"]
[BlackElo "2097"]
[WhiteFideId "5018420"]
[BlackFideId "13720244"]
[EventDate "29.12.2022"]

1. b3 e5 2. Bb2 Nc6 3. e3 Nf6 4. c4 d6 5. Nc3 g6 6. g3 Bg7 7. Bg2 O-O 8. Nge2
Re8 9. O-O Bf5 10. d3 Qd7 11. a3 a5 12. Qd2 Bh3 13. Nd5 h5 14. Nxf6+ Bxf6 15.
Nc3 Bxg2 16. Kxg2 Bg7 17. Ne4 Ne7 18. f4 d5 19. cxd5 Qxd5 20. fxe5 Rad8 21. Rad1
Nf5 22. Kg1 Qxb3 23. Ng5 Qb6 24. d4 Rxe5 25. e4 Re7 26. exf5 a4 27. Qf2 Rf8 28.
Bc3 Bf6 29. Nf3 g5 30. Bb4 Re4 31. Bxf8 Kxf8 32. Ne5 c5 33. Nd7+ 1-0

[Event "Mondiale Lampo FIDE 2022"]
[Site "Alma Ata"]
[Date "29.12.2022"]
[Round "7.86"]
[White "Shishkov, Andrei"]
[Black "Akhilbay, Imangali"]
[Result "1-0"]
[WhiteTitle ""]
[WhiteElo "2340"]
[BlackElo "2140"]
[WhiteFideId "4500563"]
[BlackFideId "13734857"]
[EventDate "29.12.2022"]

1. d4 d5 2. c4 e6 3. Nc3 c5 4. cxd5 exd5 5. Nf3 Nc6 6. dxc5 d4 7. Na4 Bxc5 8.
Nxc5 Qa5+ 9. Bd2 Qxc5 10. b4 Nxb4 11. Rc1 Qd6 12. e3 d3 13. Nd4 Bd7 14. Qb3 Nc2+
15. Nxc2 dxc2 16. Bc4 Nh6 17. Rxc2 O-O 18. Bb4 Qf6 19. O-O Rfd8 20. Bd5 Ng4 21.
h3 Ne5 22. Rfc1 Bc6 23. Bxc6 Nxc6 24. Bc3 Qg6 25. Qxb7 Rab8 26. Qc7 Rbc8 27. Qf4
Ne7 28. e4 Nc6 29. Bb2 Re8 30. h4 Qe6 31. f3 f6 32. a3 Qd7 33. Rd2 Qb7 34. Rdc2
Qb6+ 35. Kh2 Qb7 36. h5 Ne7 37. h6 Ng6 38. Qg3 Rxc2 39. Rxc2 Qf7 40. hxg7 Qxg7
41. Rc6 Qh6+ 42. Kg1 Rd8 43. Rc1 Qd2 44. Qf2 Qd6 45. Qc2 Nh4 46. Qc4+ Kg7 47.
Qc7+ Qd7 48. Qxd7+ Rxd7 49. Rc2 Ng6 50. Kf2 Nf4 51. g3 Nd3+ 52. Ke3 Nxb2 53.
Rxb2 Rc7 54. Rb3 Kg6 55. Kf4 h5 56. Rd3 Rb7 57. Rd6 Rb3 58. Ra6 Rc3 59. Rxa7 Rc8
60. Ra6 Kg7 61. a4 Rb8 62. Ra5 Rc8 63. Rxh5 1-0

[Event "Mondiale Lampo FIDE 2022"]
[Site "Alma Ata"]
[Date "29.12.2022"]
[Round "7.87"]
[White "Munkhdalai, Amilal"]
[Black "Everett, Elijah"]
[Result "1-0"]
[WhiteTitle ""]
[WhiteElo "2142"]
[BlackElo "2202"]
[WhiteFideId "4903250"]
[BlackFideId "12973696"]
[EventDate "29.12.2022"]

1. e4 c5 2. Nf3 d6 3. d4 cxd4 4. Nxd4 Nf6 5. f3 e5 6. Nb3 d5 7. Bg5 d4 8. c3 Nc6
9. cxd4 Bb4+ 10. Nc3 exd4 11. a3 Be7 12. Nb5 h6 13. Bf4 O-O 14. N3xd4 Qb6 15.
Bc7 Qc5 16. Rc1 Qg5 17. Qd2 Qh5 18. Nxc6 bxc6 19. Nd4 Nd7 20. Nxc6 Bg5 21. Bf4
Bxf4 22. Qxf4 Nb6 23. Be2 Be6 24. O-O Kh8 25. Qe5 Qh4 26. Qg3 Qf6 27. Qe5 Qh4
28. Rfd1 Rfc8 29. Nd4 Nd7 30. Qd6 Rxc1 31. Rxc1 Qg5 32. f4 Qf6 33. Nxe6 Qxb2 34.
Re1 Qc3 35. Kf1 Nf6 36. Qd4 Qc2 37. Nc5 Rc8 38. e5 Ne8 39. Ne4 1-0

[Event "Mondiale Lampo FIDE 2022"]
[Site "Alma Ata"]
[Date "29.12.2022"]
[Round "8.3"]
[White "Mamedyarov, Shakhriyar"]
[Black "Yu, Yangyi"]
[Result "1/2-1/2"]
[WhiteTitle ""]
[BlackTitle ""]
[WhiteElo "2740"]
[BlackElo "2728"]
[WhiteFideId "13401319"]
[BlackFideId "8603820"]
[EventDate "29.12.2022"]

1. d4 Nf6 2. c4 e6 3. Nc3 Bb4 4. g3 d5 5. Bg2 O-O 6. Nf3 dxc4 7. O-O Nc6 8. Re1
Nd5 9. Bd2 Nb6 10. e3 h6 11. Rc1 Re8 12. Ne4 a5 13. a3 Bf8 14. Bc3 Nd5 15. Qa4
Nb6 16. Qc2 Nd5 17. Qa4 Nb6 18. Qc2 Nd5 1/2-1/2

[Event "Mondiale Lampo FIDE 2022"]
[Site "Alma Ata"]
[Date "29.12.2022"]
[Round "8.4"]
[White "Lazavik, Denis"]
[Black "Giri, Anish"]
[Result "0-1"]
[WhiteTitle ""]
[BlackTitle ""]
[WhiteElo "2537"]
[BlackElo "2764"]
[WhiteFideId "13515110"]
[BlackFideId "24116068"]
[EventDate "29.12.2022"]

1. d4 Nf6 2. c4 e6 3. Nf3 d5 4. g3 Bb4+ 5. Bd2 Be7 6. Bg2 O-O 7. O-O c6 8. Bf4
dxc4 9. Ne5 Nd5 10. Nxc4 Nxf4 11. gxf4 Nd7 12. e3 Nb6 13. Ne5 f6 14. Nd3 Kh8 15.
Nd2 Nd5 16. Rc1 Rb8 17. a3 Bd7 18. Kh1 Be8 19. Rg1 Bd6 20. Ne4 Bc7 21. Qe2 Qe7
22. Ng3 Rg8 23. Bf3 Bf7 24. Rg2 g5 25. fxg5 Rxg5 26. Rcg1 Rbg8 27. Ne4 Rxg2 28.
Rxg2 Rxg2 29. Bxg2 Bg6 30. Ng3 b6 31. Kg1 c5 32. dxc5 bxc5 33. Ne1 Nb6 34. Nf3
c4 35. Qd2 Qd6 36. Qxd6 Bxd6 37. Bf1 Kg7 38. Nd4 Kf7 39. f4 Bd3 40. Kf2 Bxf1 41.
Nxf1 Na4 42. Nb5 Bc5 43. Nd2 Nxb2 44. Ne4 Bb6 45. Ke2 Ke7 46. Nbc3 f5 47. Ng5 h6
48. Nf3 Ba5 49. Nb5 a6 50. Nbd4 Kd6 51. Ne5 Kd5 52. Ndc6 Bc3 53. Ne7+ Kd6 54.
N7g6 Bxe5 55. Nxe5 Kd5 56. Kd2 Na4 57. Nd7 Kd6 58. Ne5 Kd5 59. Nd7 Ke4 60. Ke2
Nc3+ 61. Kd2 Nb1+ 62. Ke2 Nc3+ 63. Kd2 Nd5 64. Nc5+ Kf3 65. Nxa6 Nxe3 66. Nc5
Kxf4 67. Nxe6+ Ke4 68. Nc5+ Kd4 69. Ne6+ Ke4 70. Nc5+ Kf3 71. a4 Nd5 72. a5 f4
73. Na4 Kg2 74. Nc3 Nc7 75. Ne4 f3 76. Kc3 Kxh2 77. Kxc4 h5 78. Kc5 h4 79. Kc6
Na8 80. Kb7 Kg2 81. Kxa8 h3 82. a6 h2 83. a7 h1=Q 0-1

[Event "Mondiale Lampo FIDE 2022"]
[Site "Alma Ata"]
[Date "29.12.2022"]
[Round "8.5"]
[White "Duda, Jan-Krzysztof"]
[Black "Mamedov, Rauf"]
[Result "1-0"]
[WhiteTitle ""]
[BlackTitle ""]
[WhiteElo "2729"]
[BlackElo "2646"]
[WhiteFideId "1170546"]
[BlackFideId "13401653"]
[EventDate "29.12.2022"]

1. d4 Nf6 2. c4 g6 3. Nc3 Bg7 4. e4 d6 5. f3 O-O 6. Be3 a6 7. Qd2 c5 8. d5 b5 9.
cxb5 Qa5 10. a4 Nbd7 11. Ra3 Ne5 12. h3 Bb7 13. f4 Ned7 14. Nf3 Qb4 15. e5 dxe5
16. fxe5 Nxd5 17. Nxd5 Bxd5 18. bxa6 Nxe5 19. Nxe5 Bxe5 20. Qxb4 cxb4 21. Rd3 e6
22. Bd4 Bf4 23. Be3 Bg3+ 24. Bf2 Be5 25. Bd4 Bf4 26. Be3 Bd6 27. Rxd5 exd5 28.
Bb5 Rfe8 29. Bxe8 Rxe8 30. Kd2 Be5 31. Bc5 Rc8 32. Bxb4 Ra8 33. b3 Rxa6 34. Rb1
f5 35. Kd3 Kf7 36. Bd2 Ke6 37. a5 Bc7 38. b4 Ra8 39. b5 Kd7 40. b6 Bd6 41. b7
Re8 42. a6 Bb8 43. Be3 f4 44. Bd4 1-0

[Event "Mondiale Lampo FIDE 2022"]
[Site "Alma Ata"]
[Date "29.12.2022"]
[Round "8.6"]
[White "Vachier-Lagrave, Maxime"]
[Black "Shankland, Sam"]
[Result "1-0"]
[WhiteTitle ""]
[BlackTitle ""]
[WhiteElo "2737"]
[BlackElo "2710"]
[WhiteFideId "623539"]
[BlackFideId "2004887"]
[EventDate "29.12.2022"]

1. e4 e6 2. d4 d5 3. exd5 exd5 4. Nf3 Nf6 5. Bd3 Bd6 6. Qe2+ Be7 7. O-O O-O 8.
c4 Nc6 9. cxd5 Nxd5 10. Nc3 Bg4 11. Be3 Bf6 12. h3 Bh5 13. Bc4 Nb6 14. g4 Nxc4
15. Qxc4 Bg6 16. Rad1 Re8 17. Bf4 Qd7 18. d5 Ne7 19. Qxc7 Red8 20. d6 Nc6 21.
Nd5 Bxb2 22. Rfe1 Ba3 23. Ne5 Qxd6 24. Nxg6 Qxg6 25. Qxb7 Bf8 26. Bg3 Rac8 27.
Nf4 Qc2 28. Rc1 Qa4 29. Nh5 h6 30. Bc7 Na5 31. Qxa7 Rd7 32. Qxa5 Qd4 33. Bg3
Rxc1 34. Rxc1 1-0

[Event "Mondiale Lampo FIDE 2022"]
[Site "Alma Ata"]
[Date "29.12.2022"]
[Round "8.7"]
[White "Caruana, Fabiano"]
[Black "Durarbayli, Vasif"]
[Result "1/2-1/2"]
[WhiteTitle ""]
[BlackTitle ""]
[WhiteElo "2766"]
[BlackElo "2612"]
[WhiteFideId "2020009"]
[BlackFideId "13402935"]
[EventDate "29.12.2022"]

1. c4 c6 2. d4 d5 3. Nf3 Nf6 4. e3 Bf5 5. Nc3 e6 6. Nh4 Be4 7. f3 Bg6 8. Qb3 Qc7
9. Bd2 Be7 10. cxd5 cxd5 11. Nxg6 hxg6 12. O-O-O Nc6 13. Kb1 a6 14. Rc1 Rc8 15.
Bd3 Nd7 16. h4 Rxh4 17. Rxh4 Bxh4 18. Rh1 Be7 19. Rh8+ Bf8 20. Ne2 Na5 21. Bxa5
Qxa5 22. a3 Qd2 23. e4 Rc6 24. exd5 exd5 25. Ka2 Rb6 26. Qc3 Qxc3 27. Nxc3 Rd6
28. Bc2 b5 29. a4 b4 30. Ne2 a5 31. Bd3 g5 32. Bb5 Ke7 33. Nc1 Rh6 34. Rxh6 gxh6
35. Nb3 f5 36. Nxa5 Nb8 37. Nb3 Kd6 38. Kb1 g4 39. Be2 h5 40. Kc2 Bg7 41. Kd3
Nc6 42. Ke3 Bh6+ 43. Kd3 Bg7 44. a5 Kc7 45. a6 Kb6 46. Ke3 Bh6+ 47. f4 h4 48.
Bd3 h3 49. gxh3 gxh3 50. Bf1 h2 51. Bg2 Kxa6 52. Bxd5 Ne7 53. Bh1 Kb5 54. Nc5
Kc4 55. b3+ Kc3 56. d5 Nc8 57. Kf3 Bf8 58. Ne6 Bd6 59. Kg3 Kxb3 60. Nd4+ Kc3 61.
Nxf5 b3 62. Kxh2 Bxf4+ 63. Kh3 Kd3 64. Kg4 Bc1 65. d6 Nb6 66. Ng3 b2 67. Be4+
Kd4 68. Bb1 Ke5 1/2-1/2

[Event "Mondiale Lampo FIDE 2022"]
[Site "Alma Ata"]
[Date "29.12.2022"]
[Round "8.10"]
[White "Kadric, Denis"]
[Black "Pranav, V"]
[Result "1-0"]
[WhiteTitle ""]
[BlackTitle ""]
[WhiteElo "2584"]
[BlackElo "2545"]
[WhiteFideId "14403803"]
[BlackFideId "25060783"]
[EventDate "29.12.2022"]

1. e4 e5 2. Nf3 Nc6 3. Bc4 Nf6 4. d3 h6 5. a4 d6 6. a5 a6 7. Nc3 g6 8. h3 Bg7 9.
Be3 Be6 10. Bxe6 fxe6 11. Ne2 O-O 12. Ng3 Kh7 13. O-O Qe8 14. c3 g5 15. d4 Qg6
16. dxe5 dxe5 17. Qb3 g4 18. Nh4 Qe8 19. Qxb7 gxh3 20. gxh3 Rf7 21. Kh2 Rb8 22.
Qxa6 Rxb2 23. Rfb1 Qb8 24. Rxb2 Qxb2 25. Rd1 Qc2 26. Rd2 Qa4 27. Qc8 Nxe4 28.
Nxe4 Qxe4 29. Qxe6 Rf6 30. Qg4 Qxg4 31. hxg4 Nxa5 32. Rd7 Kg8 33. Rxc7 Bf8 34.
Rc8 Kf7 35. Kg3 Rc6 36. Rxc6 Nxc6 37. Kf3 Ke6 38. Ke4 Ne7 39. c4 Ng8 40. g5 hxg5
41. Bxg5 Be7 42. Bxe7 Nxe7 43. Nf3 Nc6 44. c5 Kf6 45. Kd5 Ne7+ 46. Kd6 Nf5+ 47.
Kd7 e4 48. Nd2 Nd4 49. Nxe4+ Ke5 50. Nc3 Kf4 51. c6 Nxc6 52. Kxc6 Kf3 53. Nd1 1-0